HBL Teams nach Instagram Follower - Statistiken

Allgemein
  • Dieses Quiz wurde 8 mal gespielt
  • Das Durchschnittsergebnis liegt bei 5 aus 18
Antwortstatistiken
Follower Team % Korrekt
184.000 THW Kiel
100%
161.000 Rhein-Neckar Löwen
50%
113.000 Füchse Berlin
38%
99.000 SC Magdeburg
38%
119.000 SG Flensburg-Handewitt
38%
28.700 HSG Wetzlar
25%
46.900 MT Melsungen
25%
17.200 Bergischer HC
13%
28.600 Frisch Auf! Göppingen
13%
17.400 GWD Minden
13%
23.900 HC Erlangen
13%
50.400 HSV Hamburg
13%
26.300 SC DHfK Leipzig
13%
32.400 TBV Lemgo Lippe
13%
19.400 ThSV Eisenach
13%
39.600 TSV Hannover-Burgdorf
13%
28.300 TVB Stuttgart
13%
42.000 VfL Gummersbach
13%
Keine übereinstimmenden Quizze gefunden
Verteilung der Resultate
Anzahl Personen mit jedem Resultat
Perzentil nach korrekt beantworteten Fragen
Ihre Resultats-Entwicklung
Sie haben dieses Quiz noch nicht gespielt